Domenico Gnoli : (Record no. 154212)

MARC details
000 -LEADER
campo de control de longitud fija 01362nam a2200289 i 4500
001 - NÚMERO DE CONTROL
campo de control 154212
003 - IDENTIFICADOR DE NÚMERO DE CONTROL
campo de control ES-MaACL
005 - FECHA Y HORA DE LA ÚLTIMA TRANSACCIÓN
campo de control 20240112175621.0
008 - DATOS DE LONGITUD FIJA--INFORMACIÓN GENERAL
campo de control de longitud fija 210816s1990 sp a 001 0dspa d
020 ## - NÚMERO INTERNACIONAL ESTÁNDAR DEL LIBRO
Número Internacional Estándar del Libro 84-7664-248-2
080 ## - NÚMERO DE LA CLASIFICACIÓN DECIMAL UNIVERSAL
Número de la Clasificación Decimal Universal 75 Gnoli, Domenico (064.3)
100 1# - ENTRADA PRINCIPAL--NOMBRE DE PERSONA
Nombre de persona Gnoli, Domenico (
Fechas asociadas al nombre 1933-1970)
9 (RLIN) 173267
245 10 - MENCIÓN DEL TÍTULO
Título Domenico Gnoli :
Resto del título últimas obras, 1963-1969 : exposición organizada por la Fundación Caja de Pensiones, bajo los auspicios del Ministerio de Exteriores de Italia, dentro del marco del Festival de la Cooperación Cultural Italo-Española, 1990-91 : 16 de enero-4 de marzo de 1990, Sala de Exposiciones de la Fundación Caja de Pensiones /
Mención de responsabilidad, etc. [comisaria, María de Corral].
250 ## - MENCION DE EDICION
Mención de edición 1ª ed.
260 ## - PUBLICACIÓN, DISTRIBUCIÓN, ETC.
Lugar de publicación, distribución, etc. Madrid :
Nombre del editor, distribuidor, etc. Fundación Caja de Pensiones,
Fecha de publicación, distribución, etc. 1990.
300 ## - DESCRIPCIÓN FÍSICA
Extensión 151 p. :
Otras características físicas il. col. y n. ;
Dimensiones 30 cm.
504 ## - NOTA DE BIBLIOGRAFÍA, ETC.
Nota de bibliografía, etc. Bibliografía: p.145-147.
546 ## - NOTA DE IDIOMA
Nota de lengua/lenguaje Texto en español e inglés.
600 14 - PUNTO DE ACCESO ADICIONAL DE MATERIA--NOMBRE DE PERSONA
Nombre de persona Gnoli, Domenico (
Fechas asociadas al nombre 1933-1970)-
Subdivisión de forma Exposiciones.
9 (RLIN) 173268
655 #7 - TERMINO DE INDIZACIÓN--GENERO/FORMA
Fuente del término tgfbne
9 (RLIN) 193628
Datos o término principal de género/forma Catálogos de exposiciones
700 1# - ENTRADA AGREGADA--NOMBRE PERSONAL
Nombre de persona Corral, María de.
9 (RLIN) 40719
710 2# - ENTRADA AGREGADA--NOMBRE DE ENTIDAD CORPORATIVA
Nombre de entidad corporativa o nombre de jurisdicción como elemento de entrada Fundació "la Caixa"
9 (RLIN) 173255
710 1# - ENTRADA AGREGADA--NOMBRE DE ENTIDAD CORPORATIVA
Nombre de entidad corporativa o nombre de jurisdicción como elemento de entrada Italia.
Unidad subordinada Ministero degli Affari Esteri.
9 (RLIN) 5315
852 4# - LOCALIZACIÓN
Ubicación ES-MaACL
Número de control de estantería A-14717
itemnumber 159851
Sublocalización o colección R.1551945
Ubicación en estantería Depósito 1
Signatura antigua Olim: N-7717
Donativo/Legado Donación: Editorial
942 ## - ELEMENTOS DE ENTRADA SECUNDARIOS (KOHA)
Fuente del sistema de clasificación o colocación Clasificación decimal universal
Tipo de ítem Koha Libro impreso
Holdings
Estatus retirado Estado de pérdida Fuente del sistema de clasificación o colocación Estado de daño No para préstamo Biblioteca de origen Biblioteca actual Ubicación en estantería Fecha de adquisición Fuente de adquisición Total de préstamos Signatura topográfica completa Código de barras Visto por última vez Precio de reemplazo Tipo de ítem Koha
    Clasificación decimal universal     Biblioteca del Ateneo de Madrid Biblioteca del Ateneo de Madrid Depósito 1 16/08/2021 Donación   A-14717 1202627 23/02/2023 23/02/2023 Libro impreso